[Event "AUTO-ADV-4797"]
[Site "http://www.queenalice.com/game.php?id=1839654"]
[Date "2024.7.4"]
[Round "1"]
[White "almiradm87"]
[Black "bdpq"]
[Result "0-1"]
[WhiteElo "1789"]
[BlackElo "1635"]

1. e4 d5 2. exd5 Qxd5 3. Nc3 Qd8 4. Nf3 Bg4 5. Be2 e6 6. O-O Nc6 7. d4 Bxf3 8.
Bxf3 Bb4 9. Ne4 Nf6 10. c3 O-O 11. cxb4 Nxb4 12. Nxf6+ Qxf6 13. Bxb7 Rab8 14.
Be4 Rfd8 15. a3 Rxd4 16. Qg4 Nd5 17. Bg5 Qe5 18. Rae1 f5 19. Bxf5 Qxf5 20. Qxf5
exf5 21. Rd1 Rxd1 22. Rxd1 c6 23. Rd2 h6 24. Bh4 Nf4 25. Bg3 Re8 26. h3 Nh5 27.
Bh4 g5 28. Bg3 Re1+ 29. Kh2 f4 30. Bxf4 Nxf4 31. g3 Nh5 32. Rd7 Re2 33. Kg2 Nf6
34. Rxa7 Ne4 35. Ra8+ Kg7 0-1

[Event "AUTO-ADV-4797"]
[Site "http://www.queenalice.com/game.php?id=1839667"]
[Date "2024.7.4"]
[Round "1"]
[White "altair"]
[Black "almiradm87"]
[Result "0-1"]
[WhiteElo "1867"]
[BlackElo "1801"]

1. e4 c5 2. c4 d6 3. d3 g6 4. h3 Bg7 5. g3 Nf6 6. Nf3 O-O 7. Nc3 Nc6 8. Bg2 b6
9. O-O Nd7 10. Qd2 Nde5 11. b3 Nxf3+ 12. Bxf3 Bxh3 13. Re1 Nd4 14. Kh2 Qd7 15.
Bg2 Bg4 16. Nb5 Bf3 17. Bh3 Bg4 18. Bxg4 Qxg4 19. Bb2 Nf3+ 0-1

[Event "AUTO-ADV-4797"]
[Site "http://www.queenalice.com/game.php?id=1839668"]
[Date "2024.7.4"]
[Round "1"]
[White "almiradm87"]
[Black "altair"]
[Result "0-1"]
[WhiteElo "1846"]
[BlackElo "1896"]

1. e4 e5 2. Nf3 d6 3. Bc4 h6 4. O-O Nf6 5. Nc3 c6 6. d4 Nbd7 7. dxe5 dxe5 8.
Bxf7+ Kxf7 9. Nxe5+ Kg8 10. Ng6 Rh7 11. Bf4 Qe8 12. Bd6 Qxg6 13. Re1 Bxd6 14.
Qxd6 Rh8 15. e5 Nxe5 16. Qd8+ Kh7 17. Qe7 Nf3+ 18. Kf1 Nxe1 19. Rxe1 Bd7 0-1

[Event "AUTO-ADV-4797"]
[Site "http://www.queenalice.com/game.php?id=1839677"]
[Date "2024.7.4"]
[Round "1"]
[White "almiradm87"]
[Black "matamuff"]
[Result "1/2-1/2"]
[WhiteElo "1798"]
[BlackElo "1905"]

1. e4 Nf6 2. Nf3 Nxe4 3. d3 Nf6 4. Bg5 Nc6 5. Nc3 d6 6. Bxf6 exf6 7. Be2 Be6 8.
O-O g6 9. Re1 Bg7 10. d4 Ne7 11. d5 Bd7 12. Bd3 O-O 13. Nb5 a6 14. Na3 Bg4 15.
h3 Bd7 16. c4 Bf5 17. Nc2 Bxd3 18. Qxd3 c5 19. b4 b6 20. bxc5 bxc5 21. Rab1
1/2-1/2

[Event "AUTO-ADV-4797"]
[Site "http://www.queenalice.com/game.php?id=1839678"]
[Date "2024.7.4"]
[Round "1"]
[White "matamuff"]
[Black "almiradm87"]
[Result "1/2-1/2"]
[WhiteElo "1910"]
[BlackElo "1793"]

1. Nf3 d5 2. g3 Nf6 3. d4 Nc6 4. Bg2 Bg4 5. c3 e6 6. O-O Bd6 7. Bg5 O-O 8. Qc2
Bf5 9. Qc1 h6 10. Bxf6 Qxf6 11. Nbd2 Rfe8 12. b4 e5 13. Nb3 e4 14. Ne1 Ne7 15.
f4 b6 16. e3 c5 17. bxc5 bxc5 18. Rf2 cxd4 19. cxd4 Bg4 20. h3 Bh5 1/2-1/2

[Event "AUTO-INT-3869"]
[Site "http://www.queenalice.com/game.php?id=1846001"]
[Date "2024.10.23"]
[Round "2"]
[White "altair"]
[Black "almiradm87"]
[Result "1-0"]
[WhiteElo "1748"]
[BlackElo "1831"]

1. e4 c6 2. d4 d5 3. e5 Bf5 4. f3 h5 5. Nc3 e6 6. Nge2 Bb4 7. a3 Ba5 8. Bd2 Ne7
9. h3 Bg6 10. Ng3 Nf5 11. Nxf5 Bxf5 12. g4 hxg4 13. fxg4 Bxc3 14. gxf5 Bxd2+ 15.
Qxd2 Qh4+ 16. Qf2 exf5 17. Bd3 g6 18. Rh2 Nd7 19. O-O-O Nb6 20. Re1 Qg5+ 21. Kb1
O-O-O 22. h4 Qe7 23. Rc1 Na4 24. c4 dxc4 25. Bxc4 Nb6 26. Ba2 Rhf8 27. h5 Nd5
28. Qf3 Qg5 29. h6 Rh8 30. h7 f6 31. e6 Rde8 32. Qxd5 Rd8 33. Qc5 Qf4 34. Rcc2
Qe3 35. d5 Qe4 36. b4 Qe5 37. Rce2 Qc7 38. e7 Rde8 39. d6 Qd7 40. Be6 1-0

[Event "AUTO-INT-3869"]
[Site "http://www.queenalice.com/game.php?id=1846002"]
[Date "2024.10.23"]
[Round "2"]
[White "almiradm87"]
[Black "altair"]
[Result "1-0"]
[WhiteElo "1812"]
[BlackElo "1789"]

1. e4 e5 2. Nf3 d6 3. Nc3 a6 4. d4 Nc6 5. d5 Nce7 6. Be2 Nf6 7. O-O h6 8. Nh4 b5
9. Nf5 Bxf5 10. exf5 Nxf5 11. Bd3 Qd7 12. Bd2 Ne7 13. b4 Nfxd5 14. Nxd5 Nxd5 15.
c4 Nb6 16. cxb5 axb5 17. Be3 Be7 18. Qc2 d5 19. f3 Bxb4 20. Qb3 O-O 21. Qxb4 d4
22. Bf2 c6 23. Be4 Nd5 24. Qc5 f5 25. Bxd5+ cxd5 26. Bg3 Rac8 27. Qa3 e4 28.
fxe4 dxe4 29. Qb3+ Kh8 30. Be5 d3 31. Rac1 Rxc1 32. Rxc1 Kh7 33. Rc7 Rd8 34.
Rxd7 Rxd7 35. Qxb5 Rd8 36. Bc3 e3 37. Qxf5+ Kh8 38. Qe5 Rd7 39. Qe8+ 1-0

[Event "AUTO-INT-3869"]
[Site "http://www.queenalice.com/game.php?id=1846003"]
[Date "2024.10.23"]
[Round "2"]
[White "jenyasm"]
[Black "almiradm87"]
[Result "0-1"]
[WhiteElo "1694"]
[BlackElo "1821"]

1. e4 c6 2. Nf3 d5 3. d3 dxe4 4. dxe4 Qxd1+ 5. Kxd1 Bg4 6. Nc3 e5 7. Be2 Nf6 8.
Nxe5 Bxe2+ 9. Nxe2 Bc5 10. f3 Nbd7 11. Nxd7 Nxd7 12. a3 O-O-O 13. Bd2 Ne5 14. b3
Rd7 15. c3 Nd3 16. Rf1 Rhd8 17. Ra2 Nf2+ 18. Ke1 f5 19. exf5 Re8 20. b4 Nd3+ 21.
Kd1 Be3 22. Ng3 Nf2+ 23. Kc1 Nd3+ 24. Kc2 Bxd2 25. Rd1 Red8 26. Kb1 Bxc3 27. Rc2
Be5 28. Rcd2 Nb2 29. Kc2 Nxd1 0-1

[Event "AUTO-INT-3869"]
[Site "http://www.queenalice.com/game.php?id=1846004"]
[Date "2024.10.23"]
[Round "2"]
[White "almiradm87"]
[Black "jenyasm"]
[Result "1-0"]
[WhiteElo "1810"]
[BlackElo "1685"]

1. e4 e5 2. Nf3 Nc6 3. Bb5 d6 4. Nc3 Bd7 5. O-O a6 6. Ba4 b5 7. Bb3 h6 8. d4
exd4 9. Nxd4 Nxd4 10. Qxd4 Nf6 11. e5 dxe5 12. Qxe5+ Be7 13. Re1 Rc8 14. Bf4 Be6
15. Rad1 Bd6 16. Qd4 O-O 17. Bxe6 fxe6 18. Rxe6 Bxf4 19. Qxf4 Nd7 20. Qe3 Rb8
21. Nd5 Kh8 22. Ne7 Rb6 23. Ng6+ Kg8 24. Rxb6 cxb6 25. Nxf8 1-0

[Event "AUTO-INT-3880"]
[Site "http://www.queenalice.com/game.php?id=1846024"]
[Date "2024.10.23"]
[Round "2"]
[White "almiradm87"]
[Black "SamuraiJOM"]
[Result "1-0"]
[WhiteElo "1842"]
[BlackElo "1738"]

1. e4 e5 2. Nf3 Nc6 3. Bb5 a6 4. Bxc6 dxc6 5. O-O Bd6 6. Nc3 Nf6 7. d3 O-O 8.
Bg5 h6 9. Bh4 b5 10. Re1 Re8 11. d4 Be7 12. dxe5 Qxd1 13. Raxd1 Nh7 14. Bxe7
Rxe7 15. Rd8+ Nf8 16. Ne2 Bb7 17. Red1 c5 18. Rxa8 Bxa8 19. Nc3 c4 20. Nd5 Bxd5
21. exd5 Ng6 22. d6 cxd6 23. exd6 Rd7 24. g3 f6 25. h4 f5 26. h5 Nf8 27. Ne5 Rb7
28. d7 Nxd7 29. Rxd7 Rxd7 30. Nxd7 a5 31. f3 Kf7 32. Kf2 g6 33. g4 fxg4 34. fxg4
gxh5 35. gxh5 Ke6 36. Nb6 Kf5 37. b3 cxb3 38. cxb3 b4 39. Nc4 Kg4 40. Nxa5 Kxh5
41. Kg3 Kg5 42. Nc6 1-0

[Event "AUTO-INT-3880"]
[Site "http://www.queenalice.com/game.php?id=1846025"]
[Date "2024.10.23"]
[Round "2"]
[White "SamuraiJOM"]
[Black "almiradm87"]
[Result "0-1"]
[WhiteElo "1653"]
[BlackElo "1800"]

1. e4 c6 2. d4 d5 3. Nc3 g6 4. Nf3 Bg7 5. exd5 cxd5 6. Bb5+ Nc6 7. O-O Nf6 8.
Ne5 O-O 9. Nxc6 bxc6 10. Bxc6 Rb8 11. Bf4 Rxb2 12. Na4 Rb4 13. Bd2 Rxd4 14. Qe2
Qd6 15. Bb5 a6 16. Bd3 Rxa4 17. h3 Ne4 18. Rab1 Nxd2 19. Qxd2 Rxa2 20. Rbc1 Bd7
21. Qe3 Rb8 22. Qe2 e5 23. f3 Qc5+ 24. Kh1 e4 25. fxe4 Rbb2 26. exd5 Bb5 27.
Bxb5 Qxb5 28. Qxb5 axb5 29. d6 Ra8 30. d7 Rd8 31. Rfd1 Kf8 32. c3 Bh6 33. Rb1
Rxb1 34. Rxb1 Rxd7 35. Rxb5 Bf4 36. Rb1 Rd3 37. Rb4 Rd1# 0-1

[Event "AUTO-INT-3880"]
[Site "http://www.queenalice.com/game.php?id=1846026"]
[Date "2024.10.23"]
[Round "2"]
[White "almiradm87"]
[Black "fbenevides2019"]
[Result "0-1"]
[WhiteElo "1849"]
[BlackElo "1810"]

1. e4 d5 2. exd5 Qxd5 3. Nc3 Qe6+ 4. Qe2 Qxe2+ 5. Bxe2 a6 6. d4 Nc6 7. Nf3 Nf6
8. O-O e6 9. Re1 h6 10. Bf4 Bd6 11. Bxd6 cxd6 12. Rad1 d5 13. Ne5 Nxe5 14. dxe5
Nd7 15. f4 b5 16. b3 Bb7 17. Bf3 O-O 18. Ne2 Rac8 19. Nd4 Rfe8 20. Bg4 g6 21. h4
h5 22. Bh3 Kg7 23. Rd2 Nc5 24. Rde2 Ne4 25. Re3 b4 26. g4 hxg4 27. Bxg4 Rh8 28.
Rh3 Rh6 29. Re2 Rch8 30. Reh2 Nc3 31. h5 Nxa2 32. Ne2 gxh5 33. Rxh5 Rxh5 34.
Bxh5 a5 35. Nd4 Nc3 36. Nf3 Ne4 37. Nd2 Nxd2 38. Rxd2 Rxh5 39. Rg2+ Kf8 40. Rf2
Ke7 41. Rg2 Rh6 42. Rg8 Rg6+ 43. Rxg6 fxg6 44. Kf2 Kd7 45. Ke3 Kc6 46. Kd4 Kb5
0-1

[Event "AUTO-INT-3880"]
[Site "http://www.queenalice.com/game.php?id=1846027"]
[Date "2024.10.23"]
[Round "2"]
[White "fbenevides2019"]
[Black "almiradm87"]
[Result "0-1"]
[WhiteElo "1826"]
[BlackElo "1832"]

1. d4 Nf6 2. Nf3 g6 3. Nc3 d5 4. h3 Bg7 5. e3 O-O 6. Bd3 Nc6 7. O-O e6 8. Bb5
Bd7 9. Bd3 Ne4 10. Bxe4 dxe4 11. Nxe4 e5 12. dxe5 Nxe5 13. Nc5 Bc6 14. Qxd8
Raxd8 15. Nxe5 Bxe5 16. Nb3 Rd7 17. Nd2 Rfd8 18. Rd1 Be4 19. c3 b5 20. Kf1 b4
21. cxb4 Bc2 22. Re1 Bd6 23. a3 Bd3+ 24. Kg1 Bc2 25. g3 g5 26. Nf3 f6 27. Bd2
Be4 28. Nh2 Be5 29. Bc3 Bxc3 30. bxc3 Rd2 31. Rec1 Rb2 32. Ng4 Kg7 33. c4 Rdd2
34. Rc3 h5 35. Nh2 Rxf2 36. Rd1 Kg6 37. Rd4 Rg2+ 0-1

[Event "AUTO-INT-3880"]
[Site "http://www.queenalice.com/game.php?id=1846028"]
[Date "2024.10.23"]
[Round "2"]
[White "almiradm87"]
[Black "Numberzero"]
[Result "1/2-1/2"]
[WhiteElo "1811"]
[BlackElo "1852"]

1. e4 e5 2. Nf3 Nc6 3. Bb5 a6 4. Bxc6 dxc6 5. O-O Bd6 6. d4 exd4 7. Nxd4 Be5 8.
Nf3 Qxd1 9. Rxd1 Bd6 10. e5 Bc5 11. Bg5 Bg4 12. Rd3 h6 13. Bh4 Bxf3 14. Rxf3 Ne7
15. Nc3 Ng6 16. Bg3 Bd4 17. e6 fxe6 18. Bxc7 Bxc3 19. Rxc3 O-O 20. Rd1 Rac8 21.
Ba5 Rf5 22. Rd7 Rd5 23. Rxd5 exd5 24. Rb3 b5 25. Re3 Kf7 26. g3 Re8 27. Bd2 Rxe3
28. Bxe3 Ne5 29. Kg2 h5 30. b3 g6 31. h3 Ke6 32. f4 Nd7 33. Kf3 Nf6 34. Bd4 Ne4
35. g4 hxg4+ 36. Kxg4 1/2-1/2

[Event "AUTO-INT-3880"]
[Site "http://www.queenalice.com/game.php?id=1846029"]
[Date "2024.10.23"]
[Round "2"]
[White "Numberzero"]
[Black "almiradm87"]
[Result "1-0"]
[WhiteElo "1826"]
[BlackElo "1827"]

1. e4 c6 2. Nf3 d5 3. exd5 cxd5 4. d4 Nf6 5. Nc3 Nc6 6. Bb5 Bd7 7. O-O Bg4 8. h3
Bh5 9. g4 Bg6 10. g5 Ne4 11. Nxe4 Bxe4 12. Ne5 Qc8 13. Kh2 a6 14. Bxc6+ bxc6 15.
f3 Bf5 16. h4 g6 17. c3 Bg7 18. Bf4 Bh3 19. Re1 Rb8 20. Qd2 O-O 21. Nxc6 Rb7 22.
Nxe7+ Rxe7 23. Rxe7 Bf5 24. Rae1 f6 25. Rc7 Qd8 26. Ree7 1-0

[Event "AUTO-OPEN-4530"]
[Site "http://www.queenalice.com/game.php?id=1847647"]
[Date "2024.11.23"]
[Round "2"]
[White "cerenzo72"]
[Black "almiradm87"]
[Result "1-0"]
[WhiteElo "2099"]
[BlackElo "1813"]

1. e4 c6 2. c4 d5 3. exd5 cxd5 4. cxd5 Qxd5 5. Nc3 Qd8 6. Nf3 Bg4 7. Bc4 Nf6 8.
d3 Nc6 9. Bg5 Qb6 10. Bxf6 gxf6 11. Nd5 Qa5+ 12. Qd2 Qxd2+ 13. Nxd2 O-O-O 14.
Ne3 Bh5 15. O-O Be2 16. Rfc1 Bxd3 17. Bxf7 Bh6 18. Nb3 Kb8 19. Rd1 Ne5 20. Be6
Bxe3 21. fxe3 Be4 22. Nc5 Bc6 23. e4 Kc7 24. Bb3 h5 25. Ne6+ 1-0

[Event "AUTO-OPEN-4530"]
[Site "http://www.queenalice.com/game.php?id=1847648"]
[Date "2024.11.23"]
[Round "2"]
[White "almiradm87"]
[Black "cerenzo72"]
[Result "0-1"]
[WhiteElo "1806"]
[BlackElo "2110"]

1. e4 e5 2. Nf3 d6 3. Nc3 Nf6 4. Bc4 Be7 5. O-O O-O 6. d4 exd4 7. Nxd4 b6 8. Bf4
Bb7 9. e5 dxe5 10. Bxe5 Nbd7 11. Bf4 Rc8 12. Re1 Bd6 13. Bxd6 cxd6 14. Bb3 Nc5
15. Ncb5 a6 16. Na7 Rc7 17. Ndb5 Rd7 18. Nd4 Qc7 19. Nab5 axb5 20. Nxb5 Qc6 21.
Nd4 Qxg2# 0-1

[Event "AUTO-OPEN-4530"]
[Site "http://www.queenalice.com/game.php?id=1847655"]
[Date "2024.11.23"]
[Round "2"]
[White "almiradm87"]
[Black "CCapivara"]
[Result "0-1"]
[WhiteElo "1802"]
[BlackElo "2245"]

1. e4 d6 2. d4 Nf6 3. Nc3 c6 4. Nf3 Bg4 5. Be2 Nbd7 6. O-O e5 7. Bg5 Be7 8. d5
cxd5 9. exd5 O-O 10. h3 Bh5 11. g4 Bg6 12. Nh4 a6 13. Nxg6 hxg6 14. Bf3 Qb6 15.
Na4 Qd4 16. Qxd4 exd4 17. Rad1 b5 18. Rfe1 Rfe8 19. Rxd4 bxa4 20. Rxa4 Ne5 21.
Bg2 Nh7 22. Bxe7 Rxe7 23. Kf1 Kf8 24. f4 Nd7 0-1

[Event "AUTO-OPEN-4530"]
[Site "http://www.queenalice.com/game.php?id=1847656"]
[Date "2024.11.23"]
[Round "2"]
[White "CCapivara"]
[Black "almiradm87"]
[Result "1-0"]
[WhiteElo "2214"]
[BlackElo "1808"]

1. e4 c6 2. d4 d5 3. exd5 cxd5 4. Nf3 g6 5. Bd3 Bg7 6. O-O Nf6 7. Re1 O-O 8. h3
Nc6 9. c3 b6 10. Bf4 e6 11. Na3 Nh5 12. Bh2 Ne7 13. Ne5 Bb7 14. Qd2 Nc6 15. Nc2
Nxe5 16. Bxe5 Bxe5 17. Rxe5 Qf6 18. Qh6 Nf4 19. Bf1 Bc6 20. Ne3 a6 21. Ng4 Nxh3+
22. gxh3 Qg7 23. Qe3 1-0

[Event "AUTO-ADV-4791"]
[Site "http://www.queenalice.com/game.php?id=1852294"]
[Date "2025.2.16"]
[Round "2"]
[White "maurice916"]
[Black "almiradm87"]
[Result "0-1"]
[WhiteElo "1976"]
[BlackElo "1854"]

1. Nf3 d5 2. b3 Nf6 3. Bb2 Nc6 4. e3 Bg4 5. Be2 e6 6. O-O Bd6 7. d4 O-O 8. Nbd2
Ne7 9. c4 dxc4 10. bxc4 c6 11. Rb1 b6 12. h3 Bh5 13. a4 Bb4 14. Ne4 Nxe4 15. Qc2
Bg6 16. Bd3 Nd2 17. Nxd2 Nf5 18. Nf3 Bd6 19. e4 Ne7 20. Nh4 Qc7 21. e5 Bb4 22.
Nxg6 Nxg6 23. f4 Be7 24. f5 exf5 25. Bxf5 c5 26. d5 Bg5 27. Rbe1 Bf4 28. d6 Qd8
29. Be4 Bg3 30. Rd1 Bxe5 31. Bxa8 Bxb2 32. Qxb2 Qxa8 33. Rd5 Rd8 34. Qd2 f6 35.
Re1 Ne5 36. Qd3 Nxd3 37. Rxd3 Qc6 38. Red1 Qxa4 39. d7 Qxc4 40. Re3 Qf7 41. Re8+
Rxe8 42. d8=Q Rxd8 43. Rxd8+ Qf8 44. Rd7 a5 45. Rb7 Qd6 0-1

[Event "AUTO-ADV-4791"]
[Site "http://www.queenalice.com/game.php?id=1852295"]
[Date "2025.2.16"]
[Round "2"]
[White "almiradm87"]
[Black "maurice916"]
[Result "1-0"]
[WhiteElo "1875"]
[BlackElo "1955"]

1. e4 c6 2. Nc3 d5 3. exd5 cxd5 4. d4 Nf6 5. Nf3 Bg4 6. Be2 e6 7. O-O Be7 8. Bf4
O-O 9. Ne5 Bxe2 10. Qxe2 Nc6 11. Nxc6 bxc6 12. Rfe1 Qb6 13. Rab1 Rac8 14. Red1
a5 15. a3 c5 16. dxc5 Qxc5 17. Be3 Qc6 18. a4 Bb4 19. Nb5 Qxc2 20. Qxc2 Rxc2 21.
Nd4 Rcc8 22. Bf4 Ne4 23. Nb5 Rc2 24. Be3 Rfc8 25. Nd4 Be7 26. Nxc2 Rxc2 27. Rdc1
Rxc1+ 28. Rxc1 f6 29. Bb6 Bb4 30. Rc8+ Kf7 31. Ra8 Nd6 32. Bxa5 Bxa5 33. Rxa5
Nc4 34. Ra7+ Kg6 35. b4 d4 36. Kf1 e5 37. Ke2 Nd6 38. g4 h6 39. h4 Ne4 40. Rc7
Nc3+ 41. Rxc3 dxc3 42. Kd3 1-0

[Event "AUTO-ADV-4791"]
[Site "http://www.queenalice.com/game.php?id=1852302"]
[Date "2025.2.16"]
[Round "2"]
[White "almiradm87"]
[Black "Pin"]
[Result "1/2-1/2"]
[WhiteElo "1887"]
[BlackElo "2095"]

1. e4 c5 2. Nf3 d6 3. Nc3 Nc6 4. Bb5 e6 5. O-O Bd7 6. d3 Nf6 7. Bg5 Be7 8. Re1
O-O 9. Bxc6 Bxc6 10. a3 h6 11. Bh4 Re8 12. Bg3 Nh5 13. Ne2 Nxg3 14. Nxg3 d5 15.
Ne5 Bb5 16. Ne2 dxe4 17. dxe4 Qxd1 18. Raxd1 Rad8 19. Nc3 Ba6 20. f3 Bf6 21. Nd7
Bxc3 22. bxc3 b6 23. Rd6 Kh8 24. Red1 Bb5 25. Ne5 Rxd6 26. Nxf7+ Kh7 27. Nxd6
Rd8 28. e5 Ba4 29. Rd2 Kg6 30. g4 Rf8 31. Kf2 Bc6 32. Rd3 Rf4 33. Kg3 Ra4 34. c4
a6 35. Kh4 b5 36. cxb5 axb5 37. Rc3 b4 38. axb4 Rxb4 39. Re3 Rf4 40. Ne4 Bxe4
41. Rxe4 Rxf3 42. Rc4 Rf2 43. h3 Rd2 44. Rxc5 Rd5 45. Rxd5 exd5 46. Kg3 Kf7 47.
Kf4 Ke6 48. h4 g6 49. g5 h5 50. c3 Kd7 51. Ke3 Ke7 52. Kf4 Ke6 53. Ke3 1/2-1/2

[Event "AUTO-ADV-4791"]
[Site "http://www.queenalice.com/game.php?id=1852303"]
[Date "2025.2.16"]
[Round "2"]
[White "Pin"]
[Black "almiradm87"]
[Result "1-0"]
[WhiteElo "2108"]
[BlackElo "1894"]

1. d4 Nf6 2. c4 d5 3. e3 g6 4. Nf3 Bg7 5. Nc3 O-O 6. Be2 Bg4 7. O-O Nbd7 8. cxd5
Nb6 9. e4 Qd7 10. Be3 c6 11. dxc6 Qxc6 12. e5 Ne4 13. Nxe4 Qxe4 14. Qd2 Rac8 15.
Rac1 Qd5 16. b3 Rc6 17. Rxc6 Qxc6 18. Rc1 Qd7 19. h3 Bf5 20. Ne1 f6 21. Nd3 Bxd3
22. Bxd3 Nd5 23. Bc4 e6 24. Bh6 fxe5 25. Bxg7 Qxg7 26. Bxd5 exd5 27. dxe5 Qxe5
28. Rd1 Rd8 29. Re1 Qc7 30. Rc1 Qe5 31. Re1 Qf5 32. Qb4 b6 33. Qe7 Qf8 34. Qxa7
Ra8 35. Qxb6 Rxa2 36. Qe6+ Kh8 37. Qe5+ Qg7 38. Qxd5 h5 39. Re8+ Kh7 40. Qe4
Ra1+ 41. Kh2 Qc7+ 42. g3 Ra7 43. Qe6 h4 44. Qg8+ Kh6 45. Qh8+ Kg5 46. Qxh4+ Kf5
47. Qg4+ Kf6 48. Qe6+ Kg7 49. Qe5+ Qxe5 50. Rxe5 Ra2 51. Kg2 Rb2 52. Rb5 Kf6 53.
h4 1-0